Musings of a himalayan monk (Record no. 516051)
[ view plain ]
| 000 -LEADER | |
|---|---|
| fixed length control field | 00233nam a22000977a 4500 |
| 082 ## - DEWEY DECIMAL CLASSIFICATION NUMBER | |
| Classification number | O P45 |
| 100 ## - MAIN ENTRY--PERSONAL NAME | |
| Personal name | Puri, S.S. |
| 9 (RLIN) | 22365 |
| 245 ## - TITLE STATEMENT | |
| Title | Musings of a himalayan monk |
| 260 ## - PUBLICATION, DISTRIBUTION, ETC. (IMPRINT) | |
| Place of publication, distribution, etc | Banglore |
| Name of publisher, distributor, etc | Setty charitable trust |
| Date of publication, distribution, etc | 2006 |
| 300 ## - PHYSICAL DESCRIPTION | |
| Extent | 84p. |
| Withdrawn status | Lost status | Source of classification or shelving scheme | Damaged status | Koha normalized classification for sorting | Not for loan | Permanent location | Current location | Date acquired | Full call number | Barcode | Date last seen | Price effective from | Koha item type |
|---|---|---|---|---|---|---|---|---|---|---|---|---|---|
| O_P45 | Indian Institute of Public Administration | Indian Institute of Public Administration | 2021-02-16 | O P45 | GR22835 | 2021-02-16 | 2021-02-16 | GR |
